Utajená svatba / Inna Rottová ; [ilustroval Tomáš Řízek]
Record details
- ISBN: 80-242-0389-8
- Physical Description: 142 s. : barev. il. ; 22 cm
- Edition: Vyd. 1.
- Publisher: V Praze : Euromedia Group - Knižní klub, 2000
Content descriptions
| General Note: | Autorka publikuje též pod jménem Inna Mirovská |
Search for related items by subject
| Subject: | Židé > Praha (Česko) Jews > Czechia > Prague > Fiction |
| Genre: | příběhy Short stories, Czech |
Available copies
- 1 of 1 copy available at Common Catalog SPOK.
Holds
- 0 current holds with 1 total copy.
Show Only Available Copies
| Location | Call Number / Copy Notes | Barcode | Shelving Location | Status | Due Date |
|---|---|---|---|---|---|
| The Jewish community of Prague | K 2330 | 4638301490 | K - Beletrie | Available | - |
| LDR | 01241nam a2200361 a 4500 | ||
|---|---|---|---|
| 001 | 53347 | ||
| 003 | CZ-PrJAB | ||
| 005 | 20040916000000.0 | ||
| 007 | tu | ||
| 008 | 010123s2000 xr a e 000 j cze | ||
| 015 | . | ‡acnb000980205 | |
| 020 | . | ‡a80-242-0389-8 ‡q(váz.) | |
| 035 | . | ‡a(CZ PrNK)cpk20000980205 | |
| 035 | . | ‡a(OCoLC)46964614 | |
| 040 | . | ‡aABA001 ‡bcze | |
| 043 | . | ‡ae-xr--- | |
| 072 | 7. | ‡a821.162.3-3 ‡xČeská próza ‡2Konspekt ‡925 | |
| 080 | . | ‡a821.162.3-32 ‡2MRF | |
| 080 | . | ‡a296 ‡2MRF | |
| 100 | 1 | . | ‡aRottová, Inna, ‡d1935-2018 ‡7jk01081784 ‡4aut |
| 245 | 1 | 0. | ‡aUtajená svatba / ‡cInna Rottová ; [ilustroval Tomáš Řízek] |
| 250 | . | ‡aVyd. 1. | |
| 260 | . | ‡aV Praze : ‡bEuromedia Group - Knižní klub, ‡c2000 | |
| 300 | . | ‡a142 s. : ‡bbarev. il. ; ‡c22 cm | |
| 500 | . | ‡aAutorka publikuje též pod jménem Inna Mirovská | |
| 650 | 0 | 7. | ‡aŽidé ‡7ph127782 ‡zPraha (Česko) ‡2czenas |
| 650 | 0 | 9. | ‡aJews ‡zCzechia ‡zPrague ‡xFiction ‡2eczenas |
| 655 | 7. | ‡apříběhy ‡7fd133204 ‡2czenas | |
| 655 | 9. | ‡aShort stories, Czech ‡2eczenas | |
| 700 | 1 | . | ‡aŘízek, Tomáš, ‡d1963- ‡7jn20010309683 ‡4ill |
| 910 | . | ‡aABE461 | |
| 995 | . | ‡aska | |
| 901 | . | ‡a53347 ‡bAUTOGEN ‡c53347 ‡tbiblio | |